| 000 | 00428nam a2200145Ia 4500 | ||
|---|---|---|---|
| 008 | 230917s9999||||xx |||||||||||||| ||und|| | ||
| 040 |
_e47729 _aMAIN |
||
| 041 | _aEnglish | ||
| 082 | _a843.4 M298I:M | ||
| 100 | _aIhle, Sandra Ness | ||
| 245 | 0 | _aMalory's Grail quest: invention and adaptation in medieval prose romance | |
| 260 |
_aWinsconsin _bThe University of Wisconsin Press _c1983 |
||
| 300 | _axii, 199 p. | ||
| 942 | _cBK | ||
| 999 |
_c41535 _d41535 |
||